জাতীয় বাজেট বক্তৃতা : (Record no. 38726)
[ view plain ]
| 000 -LEADER | |
|---|---|
| fixed length control field | 00957nam a22002177a 4500 |
| 001 - CONTROL NUMBER | |
| control field | 38726 |
| 003 - CONTROL NUMBER IDENTIFIER | |
| rucl marc code | BD-RjUL |
| 005 - DATE AND TIME OF LATEST TRANSACTION | |
| control field | 20211209052840.0 |
| 008 - FIXED-LENGTH DATA ELEMENTS--GENERAL INFORMATION | |
| fixed length control field | 160214s2002 bg ||||| |||| 00| 0 b d |
| 035 ## - SYSTEM CONTROL NUMBER | |
| System control number | (BD-RjUL)38835 |
| 040 ## - CATALOGING SOURCE | |
| Original cataloging agency | BD-RjUL |
| Language of cataloging | eng |
| Transcribing agency | BD-RjUL |
| Modifying agency | BD-RjUL |
| 041 ## - LANGUAGE CODE | |
| Language code of text/sound track or separate title | ben |
| 082 ## - DEWEY DECIMAL CLASSIFICATION NUMBER | |
| Edition number | 23 |
| Classification number | 354.495492 |
| Author mark and year | ALZ 2002 |
| 100 ## - MAIN ENTRY--PERSONAL NAME | |
| Personal name | আলমগীর, এ. টি. এম. , সংক. |
| 9 (RLIN) | 119471 |
| 245 ## - TITLE STATEMENT | |
| Title | জাতীয় বাজেট বক্তৃতা : |
| Remainder of title | জিয়া-সাইফুর পর্ব / |
| Statement of responsibility, etc. | সংকলন ও পর্যারোচনা : এ. টি. এম. আলমগীর |
| 260 ## - PUBLICATION, DISTRIBUTION, ETC. (IMPRINT) | |
| Place of publication, distribution, etc. | ঢাকা : |
| Name of publisher, distributor, etc. | লিরিক, |
| Date of publication, distribution, etc. | ২০০২ |
| 300 ## - PHYSICAL DESCRIPTION | |
| Pagination | ৫৯০ পৃ. : |
| Illustrations | চিত্র ; |
| Size | ২২ সেমি. |
| 650 ## - SUBJECT ADDED ENTRY--TOPICAL TERM | |
| Topical term or geographic name as entry element | বাজেট |
| Form subdivision | ইতিহাস |
| Chronological subdivision | ১৯৭১-২০০৩ |
| Geographic subdivision | বাংলাদেশ |
| 9 (RLIN) | 119472 |
| Topical term or geographic name as entry element | Budget |
| Form subdivision | History |
| Chronological subdivision | 1971-2003 |
| Geographic subdivision | Bangladesh |
| 9 (RLIN) | 119473 |
| 942 ## - ADDED ENTRY ELEMENTS (KOHA) | |
| Source of classification or shelving scheme | Dewey Decimal Classification |
| Koha item type | Books |
| Lost status | Source of classification or shelving scheme | Damaged status | Not for loan | Collection code | Permanent Location | Current Location | Shelving location | Date acquired | Source of acquisition | Cost, normal purchase price | Total Checkouts | Full call number | Date last seen | Copy number | Koha item type |
|---|---|---|---|---|---|---|---|---|---|---|---|---|---|---|---|
| Dewey Decimal Classification | Not For Loan | Rare Books | Central Library, University of Rajshahi | Central Library, University of Rajshahi | Rare Book Section | 16/10/2003 | Author | 300.00 | BRA 354.495492 ALZ 2002 | 14/02/2016 | C-1 | Books |